000 00909nam a2200253Ia 4500
003 OSt
005 20221005113100.0
006 a|||||r|||| 00| 0
007 ta
008 221004b |||||||| |||| 00| 0 pan d
020 _a81876541727 (hbk)
_c475
024 _a7731
037 _b707, 14/06/2013, H.K. Prakashan
_cTextual
040 _aCRL
_cCRL
_bpan
041 _2pan
_apan
082 _aO153,3:g(X:324), Q0
100 _aਸਿੰਘ, ਪ੍ਰਕਾF
245 0 _aਪੰਜਾਬੀ ਨਾਵਲ ਆਲੋਚਨਾ
_b ਮਾਰਕਸੀ ਪਰਿਪੇਖ
260 _aਦਿੱਲੀ
_bਮਨਪ੍ਰੀਤ ਪ੍ਰਕਾFਨ ਭਾਰਤ
_c2010
300 _a320ਪੰ
_ccm.
650 _aਪੰਜਾਬੀ ਸਾਹਿਤ
942 _hO153,3:g(X:324), Q0
_cTEXL
_2cc
999 _c1026979
_d1026979